Indole alkaloids : (Record no. 10183)
[ view plain ]
| 000 -LEADER | |
|---|---|
| fixed length control field | 01090nam a22002772 4500 |
| 001 - CONTROL NUMBER | |
| control field | 10183 |
| 003 - CONTROL NUMBER IDENTIFIER | |
| rucl marc code | BD-RjUL |
| 005 - DATE AND TIME OF LATEST TRANSACTION | |
| control field | 20211208234916.0 |
| 008 - FIXED-LENGTH DATA ELEMENTS--GENERAL INFORMATION | |
| fixed length control field | 140123s1966 enka b 000 0 eng c |
| 035 ## - SYSTEM CONTROL NUMBER | |
| System control number | OCLC ocm01253268 from D971103M |
| -- | (BD-RjUL)10231 |
| 040 ## - CATALOGING SOURCE | |
| Original cataloging agency | DLC/ICU |
| Transcribing agency | CGU |
| Modifying agency | UKM |
| -- | EQO |
| Language of cataloging | eng |
| 041 ## - LANGUAGE CODE | |
| Language code of text/sound track or separate title | eng |
| 082 00 - DEWEY DECIMAL CLASSIFICATION NUMBER | |
| Classification number | 547.72 |
| Edition number | 18 |
| Author mark and year | TAI 1966 |
| 100 1# - MAIN ENTRY--PERSONAL NAME | |
| Personal name | Taylor, William I. |
| 9 (RLIN) | 31452 |
| 245 00 - TITLE STATEMENT | |
| Title | Indole alkaloids : |
| Remainder of title | an introduction to the enamine chemistry of natural products / |
| Statement of responsibility, etc. | by W.I. Taylor. |
| 250 ## - EDITION STATEMENT | |
| Edition statement | [1st ed.]. |
| 260 ## - PUBLICATION, DISTRIBUTION, ETC. (IMPRINT) | |
| Place of publication, distribution, etc. | Oxford ; |
| -- | New York : |
| Name of publisher, distributor, etc. | Pergamon Press, |
| Date of publication, distribution, etc. | c1966. |
| 300 ## - PHYSICAL DESCRIPTION | |
| Pagination | xi, 148 p. : |
| Illustrations | ill. ; |
| Size | 20 cm. |
| 490 1# - SERIES STATEMENT | |
| Series statement | The Commonwealth and international library of science, technology, engineering, and liberal studies. A Course in organic chemistry, advanced section, |
| Volume/sequential designation | v. 27 |
| 504 ## - BIBLIOGRAPHY, ETC. NOTE | |
| Bibliography, etc | Includes bibliographies. |
| 650 #0 - SUBJECT ADDED ENTRY--TOPICAL TERM | |
| Topical term or geographic name as entry element | Indole alkaloids. |
| 9 (RLIN) | 31453 |
| 830 #0 - SERIES ADDED ENTRY--UNIFORM TITLE | |
| Volume number/sequential designation | v. 27. |
| Uniform title | Commonwealth and international library of science, technology, engineering, and liberal studies. |
| 942 ## - ADDED ENTRY ELEMENTS (KOHA) | |
| Source of classification or shelving scheme | Dewey Decimal Classification |
| Koha item type | Books |
| Lost status | Source of classification or shelving scheme | Damaged status | Not for loan | Collection code | Permanent Location | Current Location | Shelving location | Date acquired | Source of acquisition | Cost, normal purchase price | Total Checkouts | Full call number | Date last seen | Copy number | Koha item type |
|---|---|---|---|---|---|---|---|---|---|---|---|---|---|---|---|
| Dewey Decimal Classification | Not For Loan | Non-fiction | Central Library, University of Rajshahi | Central Library, University of Rajshahi | Reading Room | 25/04/1968 | Zeitlinger | 29.00 | 547.72 TAI 1966 | 23/01/2014 | C-1 | Books | |||
| Dewey Decimal Classification | Non-fiction | Central Library, University of Rajshahi | Central Library, University of Rajshahi | 26/04/1967 | Mirza Book Agency | 18.75 | 547.72 TAI 1966 | 17/05/2017 | C-2 | Books | |||||
| Dewey Decimal Classification | Non-fiction | Central Library, University of Rajshahi | Central Library, University of Rajshahi | 04/09/1968 | Book Centre | 18.75 | 547.72 TAI 1966 | 08/06/2017 | C-3 | Books |